| 000 | 01292nam a2200325 c 4500 | ||
|---|---|---|---|
| 999 |
_c66354 _d66354 |
||
| 003 | BLK | ||
| 005 | 20201126130415.0 | ||
| 008 | 180408b bul|||||r ||||||| ||bul|| | ||
| 010 | _aKNG00070648000 | ||
| 040 | _aBLK | ||
| 041 |
_aBUL _cBUL |
||
| 080 |
_aНемска литература _b821.112.2 _x(081) _z821.112.2(081) |
||
| 080 |
_aНемска литература _b821.112.2 _x-31 _z821.112.2-31 |
||
| 100 | 1 |
_aГерстекер, Фридрих _eпърви автор _953702 |
|
| 139 |
_aГерстекер, Фридрих _bГ 41 |
||
| 245 | 1 | 0 |
_aСъчинения _bВ 4 т. _cФридрих Герстекер; състав. и прев. Веселин Радков. _nТ. 4 _pСеньор Агила |
| 257 | _aDEU | ||
| 260 |
_bГеорги Бакалов _c1988 |
||
| 300 | _c21 см | ||
| 380 | _aX | ||
| 500 | _aОфс. изд. | ||
| 653 | _aромани | ||
| 700 | 1 |
_aРадков, Веселин _eсъстав. и прев. _9366179 |
|
| 760 | 1 |
_aГерстекер, Фридрих _d1989 _h410 с. _nОриг. загл. Senor Agulla / Fredrich Gerstacker. _tТ. 4 Сеньор Агила |
|
| 852 | _aЦб 152617 | ||
| 856 | 4 | _qpdf | |
| 856 | 4 | _qpdf | |
| 942 |
_cKNG _n0 _s1 |
||
| 944 |
_aCR _c19.01.2007 _lф / _kЛюдмила_Стоянова |
||
| 944 |
_aED _c14.06.2010 _lф / |
||
| 999 | _d66354 | ||